000 01397nam a2200277 a 4500
001 000035132
005 20200930074127.0
008 111025s1986 sp 000 0 spa d
020 _a8476343313
040 _aDO-SdBNP
_bspa
_cBNPHU
041 1 7 _aspa
_hfre
100 1 _aVoltaire,
_d1694-1778
_94768
245 1 3 _aEl siglo de Luis XIV /
_cVoltaire ; prólogo Víctor Hugo ; traducción revisada por Francisco Villalba Cerezo. Vida de Voltaire por Condorcet.
260 _aBarcelona :
_bEdiciones Orbis,
_c1986.
300 _a2 v. ;
_c20 cm.
490 0 _aBiblioteca de historia ;
_v72
500 _aBiblioteca tiene v.2
500 _aTít. original: Le Siecle de Louis XIV
520 0 _aIncluye, además de la obra propiamente dicha, un prólogo de Víctor Hugo sobre Voltaire, un discurso pronunciado por Víctor Hugo en París con motivo del centenario de Voltaire en 1878 y una Vida de Voltaire escrita por Condorcet, así como un estudio sobre Voltaire: la desesperanza histórica, escrito expresamente por el profesor José Manuel Bermudo.
651 4 _aFrancia
_xHistoria
_yLUIS XIV, 1643-1715
_960827
700 1 _aHugo, Víctor,
_epról.
_912874
700 1 _aVillalba Cerezo, Francisco,
_etrad.
_960828
700 1 _aCondorcet.
_tVida de Voltaire
_960829
700 1 _aBermudo, José Manuel.
_tVoltaire: la desesperanza histórica
_960830
830 0 _aBiblioteca de historia
_n72
_960831
999 _c34623
_d34623